[Event "World Youth Stars 3rd"]
[Site "Kirishi"]
[Date "2005.05.17"]
[Round "4"]
[White "Negi, Parimarjan"]
[Black "Sjugirov, Sanan"]
[Result "1-0"]
[WhiteElo "2349"]
[BlackElo "2381"]
[Annotator "Atlas,V"]
[PlyCount "63"]
[EventDate "2005.05.14"]
[EventType "tourn"]
[EventRounds "11"]
[EventCountry "RUS"]
[EventCategory "10"]
[SourceTitle "CBM 107"]
[Source "ChessBase"]
[SourceDate "2005.08.01"]
[SourceVersion "1"]
[SourceVersionDate "2005.08.01"]
[SourceQuality "1"]

1. e4 c5 2. Nf3 d6 3. d4 cxd4 4. Nxd4 Nf6 5. Nc3 g6 6. Be3 Bg7 7. f3 O-O 8. Qd2
Nc6 9. Bc4 Nd7 10. O-O-O Nb6 11. Bb3 Na5 12. Qd3 Bd7 13. g4 Rc8 14. Kb1 Nac4
15. h4 a5 16. h5 a4 17. hxg6 fxg6 18. Nxa4 Bxa4 19. Ne6 Qd7 20. Nxg7 Rxf3 21.
Nf5 Bxb3 22. axb3 gxf5 23. bxc4 Nxc4 $4 ({A big mistake. After} 23... f4 {
Black retained good winning chances.}) 24. gxf5 Qb5 25. Qc3 (25. Rdg1+ {
was a winning continuation:} Kf8 (25... Kh8 26. Bd4+) 26. Qc3 Qe5 27. Qxe5 Nxe5
28. Rxh7) 25... Rxe3 $4 ({The decisive mistake. Essential was} 25... Qe5 26.
Rdg1+ Kh8 {, although White retains advantage after} 27. Bd4 {or 27.Qe5+}) 26.
Rdg1+ Kf7 (26... Kf8 {fails to} 27. Qh8+ Kf7 28. Rxh7#) 27. Rxh7+ Ke8 28. Rg8+
Kd7 {[%tqu "En","How can White finish his attack?","Expose the enemy king!",
"Sacrifice your rook!","h7e7","After this impressive move mate is inevitable.",
4]} 29. Rxe7+ {[%csl Gc3,Rc8,Rd7,Ge7,Gg8][%cal Gc3g7] Now the black king is
doomed.} Kc6 (29... Kxe7 {The rook is invulnerable:} 30. Qg7#) 30. Rxc8+ Kb6
31. Qd4+ Ka5 32. Ra8+ (32. Ra8+ {, and Black resigned in view of} Kb4 33. c3+
Kb3 34. Qd1#) 1-0

[Event "Interzonal-15"]
[Site "Manila"]
[Date "1990.??.??"]
[Round "10"]
[White "Ljubojevic, Ljubomir"]
[Black "Georgiev, Kiril"]
[Result "1/2-1/2"]
[WhiteElo "2600"]
[BlackElo "2580"]
[Annotator "Boensch,U"]
[PlyCount "200"]
[EventDate "1990.06.29"]
[EventType "swiss"]
[EventRounds "13"]
[EventCountry "PHI"]
[SourceTitle "CBM 019"]
[Source "ChessBase"]
[SourceDate "1990.12.01"]
[SourceVersion "1"]
[SourceVersionDate "1990.12.01"]
[SourceQuality "1"]

1. e4 c5 2. Nf3 d6 3. d4 cxd4 4. Nxd4 Nf6 5. Nc3 g6 6. Be3 Bg7 7. f3 Nc6 8. Qd2
O-O 9. Bc4 Nd7 10. Bb3 (10. O-O-O Nb6 11. Bb3 Na5 12. Qe2 (12. Qd3 Bd7 13. h4
Rc8 14. h5 Nbc4 15. hxg6 hxg6 16. Bg5 Nxb3+ 17. cxb3 Qa5 18. Bxe7 Ne5 19. Qc2
Rxc3 20. bxc3 Rc8 21. Kb2 {Wedberg - Sosonko, Haninge 1988 - Inf.45/254}) 12...
Nxb3+ 13. axb3 a5 14. Ndb5 Bd7 15. Na4 Nxa4 16. bxa4 $14 {Sznapik - Georgiev,
Kir, Haifa 1989}) 10... Nb6 11. h4 Na5 12. Qd3 Nxb3 13. axb3 d5 14. Nde2 (14.
Ndb5 Be6 15. O-O-O Qc8 16. exd5 Rd8 17. d6 $14 {- ECO}) 14... Be6 (14... dxe4
$4 15. Qxd8 Rxd8 16. Bxb6 $18) 15. O-O-O dxe4 16. Qxe4 Qc7 17. Nd4 Bd7 18. h5
Qe5 $10 19. hxg6 hxg6 20. Qxe5 Bxe5 21. Nde2 Rfd8 22. Bf4 Bxf4+ 23. Nxf4 Bc6
24. Rde1 e6 25. Nd3 a5 26. Ne5 a4 27. bxa4 Nxa4 28. Nxa4 Rxa4 $2 (28... Bxa4
29. Rh4 Be8 $10) 29. Rh8+ $1 $16 Kxh8 30. Nxf7+ Kg7 31. Nxd8 Ra1+ 32. Kd2 Rxe1
33. Kxe1 Bd5 34. c4 (34. b3 b5 $10) 34... Bxc4 35. Nxb7 Kf6 36. Kf2 Ke5 37. Ke3
Kd5 38. Nd8 (38. Kf4 $5) 38... e5 39. Nf7 Bb3 40. Ng5 Kd6 41. Ne4+ Kc6 42. Kd3
Kd5 43. Nd2 Ba4 44. b3 Bb5+ 45. Ke3 Bd7 46. Kd3 Bb5+ 47. Nc4 Ba6 48. Kc3 Bb5
49. Ne3+ Kc5 50. Nc4 Kd5 51. Kd3 Ba6 52. Ke3 Bb5 53. Nd2 Bd7 54. Ne4 Bc6 55.
Ng5 Bb5 56. Nh7 Ke6 57. Ng5+ Kd5 58. Ne4 Bc6 59. Nf2 Bb5 60. Nd3 Ke6 61. Nc1
Bc6 62. Nd3 Bb5 63. Ne1 Bc6 64. Nc2 Bb5 65. Na3 Bc6 66. Nc4 Bb5 67. Kd2 Kd5 68.
Kc3 Ba6 69. Ne3+ Kc5 70. b4+ Kd6 71. Kd2 Bb5 72. Nd1 Bf1 73. g3 Bc4 74. Nc3 Kc6
75. Ke3 Kd6 76. Kf2 Bd3 77. Kg2 Bf5 78. Kh2 Bc8 79. Kg1 Bf5 80. Kg2 Bc8 81. Kf2
Bb7 82. Ke2 Bc6 83. Ke3 Bb7 84. Kf2 Kc7 85. Kg2 Kb6 86. Kf2 Kc7 87. Ke2 Kd7 88.
Ke3 Kd6 89. g4 Kc7 90. Kf2 Kd6 91. Kg3 Kc7 92. Kg2 Kd6 93. Kf2 Kc7 94. Ke2 Kd7
95. Ke3 Kc7 96. Ne4 Bc6 97. Kd3 Bb5+ 98. Kd2 Bc6 99. Ke3 Bb7 100. Ng5 Bd5
1/2-1/2

[Event "Cannes team g/60"]
[Site "Cannes"]
[Date "1992.??.??"]
[Round "6"]
[White "Santo Roman, Marc"]
[Black "Sosonko, Gennadi"]
[Result "0-1"]
[WhiteElo "2495"]
[BlackElo "2530"]
[Annotator "Boensch,U"]
[PlyCount "60"]
[EventDate "1992.02.??"]
[EventType "team"]
[EventRounds "6"]
[EventCountry "FRA"]
[SourceTitle "CBM 028"]
[Source "ChessBase"]
[SourceDate "1992.06.01"]
[SourceVersion "1"]
[SourceVersionDate "1992.06.01"]
[SourceQuality "1"]

1. e4 {Kortschnoj Ernst} c5 2. Nf3 d6 3. d4 cxd4 4. Nxd4 Nf6 5. Nc3 g6 6. Be3
Bg7 7. f3 Nc6 8. Qd2 O-O 9. Bc4 Nd7 10. h4 Nb6 11. Bb3 Na5 12. Qd3 Nxb3 13.
axb3 d5 14. Ndb5 $6 (14. Nde2 Be6 15. O-O-O dxe4 16. Qxe4 Qc7 (16... Qc8 $2 17.
Nd4 Bd7 18. h5 $16 {Dubinin,P-Tolusch,A corr-4 WCH 1962}) 17. Nd4 Bd7 18. h5
Qe5 19. hxg6 hxg6 20. Qxe5 Bxe5 21. Nde2 $10 {Ljubojevic,L-Georgiev,Ki Manila
izt 1990}) 14... a6 15. Bxb6 Qxb6 16. Nxd5 Qd8 17. Nbc3 b5 $44 18. O-O-O e6 19.
Nb4 Qa5 20. Nca2 Bb7 21. Qd7 Rab8 22. Kb1 Rfd8 23. Qe7 Qb6 24. h5 (24. Nd3 {
Kortschnoj followed by Nac1 looks more reasonable.}) 24... gxh5 25. Qg5 h6 26.
Qxh5 Rxd1+ 27. Rxd1 Rd8 28. Nd3 $6 (28. Rxd8+ Qxd8 29. Nd3 $14) 28... a5 29.
Re1 $4 Rxd3 30. cxd3 Qf2 {Boensch} 0-1

[Event "URS-ch46 First League"]
[Site "Ashkhabad"]
[Date "1978.??.??"]
[Round "2"]
[White "Beliavsky, Alexander G"]
[Black "Kupreichik, Viktor D"]
[Result "1-0"]
[WhiteElo "2545"]
[BlackElo "2490"]
[Annotator "Bulletin"]
[PlyCount "82"]
[EventDate "1978.10.??"]
[EventType "tourn"]
[EventRounds "17"]
[EventCountry "URS"]
[EventCategory "10"]
[SourceTitle "MCL"]
[Source "ChessBase"]
[SourceDate "1999.07.01"]
[SourceVersion "1"]
[SourceVersionDate "1999.07.01"]
[SourceQuality "1"]

1. e4 c5 2. Nf3 d6 3. d4 cxd4 4. Nxd4 Nf6 5. Nc3 g6 6. Be3 Bg7 7. f3 Nc6 8. Qd2
O-O 9. Bc4 Nd7 10. h4 (10. O-O-O Nb6 11. Bb3 Na5 12. Qd3 $14) 10... Nb6 11. Bb3
Na5 12. h5 Nbc4 13. Qf2 Nxb3 14. axb3 Nxe3 15. Qxe3 Bd7 16. O-O-O a5 $6 17.
hxg6 hxg6 18. Rh2 Re8 19. g4 e6 20. Rdh1 Qb6 21. Nce2 a4 (21... e5 22. Nf5
Qxe3+ 23. Nxe3 $16) 22. Rh7 $1 axb3 23. Rxg7+ Kxg7 24. Nxe6+ Bxe6 25. Qxb6 Ra1+
26. Kd2 Rxh1 27. cxb3 $16 Rh2 $2 $18 (27... Rb1) 28. Qxd6 Rg2 29. Ke3 Kg8 30.
Qb6 Rh2 31. Qxb7 Rh1 32. Nd4 Re1+ 33. Kf4 Rb1 34. Qb5 Kf8 35. Kg5 Rxb2 36. Qe5
Rb1 37. Kf6 Rh1 38. Qc5+ Kg8 39. Qb5 Kf8 40. Qb4+ Kg8 41. Qb5 Kf8 1-0

[Event "Gibraltar Masters 14th"]
[Site "Caleta"]
[Date "2016.01.31"]
[Round "6"]
[White "Yu, Yangyi"]
[Black "Edouard, Romain"]
[Result "1-0"]
[WhiteElo "2747"]
[BlackElo "2617"]
[Annotator "Edouard,R"]
[PlyCount "97"]
[EventDate "2016.01.26"]
[EventType "swiss"]
[EventRounds "10"]
[EventCountry "GGB"]
[SourceTitle "CBM 171"]
[Source "ChessBase"]
[SourceDate "2016.03.14"]
[SourceVersion "2"]
[SourceVersionDate "2016.03.14"]
[SourceQuality "1"]

1. e4 c5 2. Nf3 d6 3. d4 cxd4 4. Nxd4 Nf6 5. Nc3 g6 6. Be3 Bg7 7. f3 Nc6 8. Qd2
O-O 9. Bc4 Nxd4 10. Bxd4 Be6 11. Bxe6 $6 {Definitely not a good move.} ({
The critical line is} 11. Bb3 Qa5 12. O-O-O Rfc8 13. Kb1 b5 14. Rhe1 Bxb3 15.
cxb3 b4 16. Bxf6 bxc3 17. Bxc3 Bxc3 18. bxc3 {followed by an endgame that is
easier for White.}) 11... fxe6 12. O-O-O Qa5 13. h4 Nh5 $5 ({There is nothing
wrong with} 13... Rac8 {either.}) 14. Bxg7 Kxg7 15. e5 {White forces a drawish
endgame but otherwise Black's position is just easier to play.} Qxe5 (15... d5
$5 16. Qg5 Rae8 {also makes sense.}) 16. Rde1 Qf6 17. Ne4 Qf4 18. Ng5 Qxd2+ 19.
Kxd2 Nf4 20. g3 h6 21. Nxe6+ (21. gxf4 hxg5 22. Rxe6 Kf7 23. Rhe1 gxh4 $11)
21... Nxe6 22. Rxe6 Kf7 $6 (22... Rxf3 23. Rxe7+ Rf7 24. Rhe1 {should be a
draw but I was not sure how easy it was.}) (22... Rae8 23. Rhe1 Rxf3 24. Rxe7+
Rxe7 25. Rxe7+ Rf7 {is definitely the clean way to make a draw.}) 23. Rhe1 Rfe8
24. g4 ({After} 24. h5 $1 gxh5 25. R1e4 $1 {which I missed, White has some
chances:} (25. Rxh6 Rh8 $11) 25... Rac8 26. Rxh6 Rc5 (26... Rh8 27. Rf4+ Kg7
28. Re6 $14) 27. f4 $14) 24... h5 25. gxh5 gxh5 26. f4 Rac8 27. f5 b5 {The
start of a passive plan which was not a good idea, although the position is
definitely a draw.} (27... Rc4 {is an immediate draw:} 28. f6 Rxh4 29. Rxe7+ (
29. fxe7 Rh2+ $11) 29... Rxe7 30. Rxe7+ Kxf6 31. Rxb7 Rh2+ $11) 28. R1e4 a5 29.
a3 Rb8 (29... a4 $5 30. Kd3 Rg8 31. Rxe7+ Kf6 $11) 30. c3 Rbc8 31. Kd3 Rb8 32.
b3 Rbc8 33. b4 axb4 34. axb4 Rc6 $1 {The right moment to counter-attack. My
extra hour on the clock all disappeared on this move!} (34... Rb8 35. f6 exf6
36. Rxd6 {is not easy for Black.}) 35. f6 Rec8 36. fxe7 Rxc3+ 37. Kd2 Rc2+ (
37... Ke8 38. Rxd6 Rh3 $11) 38. Ke3 d5 $4 {Trying to show off in time trouble
although I had seen the forced draw until the end!} (38... Re8 {and now the
only try for White is} 39. Rh6 {but after} d5 40. Re5 Rc4 41. Rhxh5 Rxb4 42.
Rhf5+ Kg7 43. h5 Re4+ {Black makes a draw.}) (38... R2c3+ $2 39. Kf4 $16) 39.
R4e5 d4+ 40. Ke4 $1 {I had completely missed that move, and now my position is
completely lost.} Re8 41. Kd5 $1 d3 42. Rf5+ Kg7 43. Rg5+ Kf7 44. Rf5+ Kg7 45.
Kd6 d2 46. Rg5+ Kf7 47. Rf5+ Kg7 48. Rd5 Kf7 49. Ree5 1-0

[Event "Dortmund SuperGM 37th"]
[Site "Dortmund"]
[Date "2009.07.09"]
[Round "7"]
[White "Naiditsch, Arkadij"]
[Black "Jakovenko, Dmitrij"]
[Result "1/2-1/2"]
[WhiteElo "2697"]
[BlackElo "2760"]
[Annotator "Ftacnik,L"]
[PlyCount "139"]
[EventDate "2009.07.02"]
[EventType "tourn"]
[EventRounds "10"]
[EventCountry "GER"]
[EventCategory "20"]
[SourceTitle "CBM 131"]
[Source "ChessBase"]
[SourceDate "2009.07.15"]
[SourceVersion "1"]
[SourceVersionDate "2009.07.15"]
[SourceQuality "1"]

1. e4 c5 2. Nf3 Nc6 3. Nc3 g6 4. d4 cxd4 5. Nxd4 Bg7 6. Be3 Nf6 7. Bc4 O-O 8.
Bb3 d6 9. f3 Bd7 10. Qd2 Nxd4 11. Bxd4 b5 12. Nd5 {The peaceful move can not
really aspire to promise an advantage. White is not ahead in development so
exchanging pieces in the centre only equalises. Players with higher ambitions
will have to study lines like 12.h4 or 12.0-0.} Nxd5 13. exd5 ({Exchanging the
bishops on g7 does not bring any special benefit. Black should be able to
solve his only problem of the backward e7-pawn.} 13. Bxg7 Kxg7 14. exd5 (14.
Bxd5 Rc8 $11) 14... a5 (14... Qb6 15. O-O-O (15. Qf2 Qc5 16. O-O a5 17. a4 Rfc8
18. Qxc5 Rxc5 19. Rfe1 Kf8 $11 {1/2-1/2 Adolaja,A-Sammalvuo,T/Moscow 1994 (57)}
) (15. h4 h6) 15... a5 (15... b4 $5 16. h4 h6 17. Rhe1 $14) 16. a3 Rfc8 17. g4
Ra7 18. h4 f6 19. Rde1 Be8 $13 {0-1 Aarthie,R-Radziewicz,I/Athens 2001 (44)})
15. a3 e5 $5 (15... Rc8 $6 16. O-O-O b4 17. axb4 axb4 18. Qxb4 Kg8 $14) 16.
dxe6 Bxe6 17. O-O-O Bxb3 18. cxb3 Re8 19. h4 (19. Qxd6 $6 Qg5+ (19... Rc8+ 20.
Kb1 Qxd6 21. Rxd6 Re2 22. Rc1 Rxc1+ 23. Kxc1 Rxg2 $11) 20. Qd2 Rac8+ 21. Kb1
Qf5+ 22. Ka2 Rc2 $132) 19... Qf6 20. Kb1 b4 21. a4 h5 22. Qxd6 (22. g4 $2 Qxf3
23. gxh5 Qxh5 $17) 22... Qxd6 23. Rxd6 Re2 {1/2-1/2 Macieja,B (2633)
-Chatalbashev,B (2543)/Antalya 2004 (30)}) ({Completely toothless must be
recapturing on d5 with the bishop as Black is not struggling with any problem.
} 13. Bxd5 Bxd4 (13... Rc8 14. Bxg7 Kxg7 15. c3 (15. O-O-O Qb6 16. h4 h6 17. h5
g5 18. f4 f6 19. fxg5 fxg5 20. Rdf1 b4 21. e5 dxe5 22. Bb3 Qd4 23. Qe2 Rf6 24.
Rxf6 exf6 $17 {1/2-1/2 Shirov,A (2737)-Topalov,V (2735)/Bastia 2003 (35)})
15... Qb6 16. Bb3 a5 17. a3 a4 18. Ba2 Be6 19. Bxe6 fxe6 20. Rd1 Rc4 $15 {
0-1 Dimitrievski,D (2266)-Stanojoski,Z (2458)/Struga 2005 (51)}) 14. Qxd4 (14.
Bxa8 Bxb2 15. Rb1 Bf6 16. Bd5 Qb6 $17) 14... Rc8 15. c3 a5 16. a3 Qc7 17. h4
Qc5 18. Qd2 Be6 19. Bxe6 fxe6 20. Rd1 Rc7 {1/2-1/2 Degraeve,J (2536)
-Magerramov,E (2563)/Montpellier 1999 (24)}) 13... Bxd4 {Centralised, the
white queen is not especially threatening and Black is breathing more easily
without his king exposed on g7.} (13... a5 14. a3 Qc7 15. Bxg7 Kxg7 16. O-O
Qc5+ 17. Kh1 b4 18. a4 Rfe8 19. Rfe1 Rac8 20. Re3 e5 21. dxe6 Bxe6 22. Rae1 Bd7
23. Re7 Be6 24. R1xe6 {1-0 Olafsson,H (2473)-Jonasson,B (2290)/Reykjavik 2001})
14. Qxd4 a5 15. a3 Qc7 16. O-O-O {Naiditsch must be careful not to end up at a
serious disadvantage.} (16. c3 b4 17. cxb4 axb4 18. a4 Ra5 19. Kd2 e5 20. dxe6
Bxe6 21. Bxe6 fxe6 22. Rhc1 Qe7 23. Ke1 Qg5 24. Rc2 Rd5 25. Qxb4 {1-0 Thesing,
M (2410)-Meister,Y (2450)/Pardubice 1995 (46)} Rxf3 $1 26. Re2 Rf4 $19) (16.
O-O a4 17. Ba2 Qxc2 18. Rac1 Qf5 19. Rc7 Rfd8 20. Re1 Qf6 21. Qxf6 exf6 22. Re7
Be8 23. Kf2 Rac8 24. Ke3 Rxc7 25. Rxc7 Rb8 $15 {0-1 Dobrowolski,A (2222)-Bator,
R (2403)/Barlinek 2001 (52)}) 16... Rfc8 17. Rd2 Bf5 (17... Qc5 18. Re1 Qxd4
19. Rxd4 Kf8 20. Kd2 Rc5 21. c3 a4 22. Ba2 Re8 23. Re3 Kg7 24. Rde4 Kf6 25.
Rf4+ Kg7 26. Rfe4 {1/2-1/2 Szabo,A (2284)-Grigore,G (2542)/Baia Sprie 2009})
18. Qf2 {This retreat of the the mighty queen from the central square
represents the first independent move. At the same time it should be a dubious
sign concerning the health of White's position.} (18. a4 Rab8 19. g4 bxa4 20.
Qxa4 Rb4 21. Qa3 Rcb8 22. Ba4 Bd7 (22... Qc4 $1 23. b3 Bd7 24. Qa2 Qc5 25. Rd3
Bxa4 26. bxa4 Qb6 $19) 23. Bxd7 Qxd7 24. Kb1 Rxb2+ 25. Qxb2 Rxb2+ 26. Kxb2 Qb5+
27. Kc1 Qa4 {0-1 Martin del Campo,R (2455)-Leon Hoyos,M (2437)/Merida 2006 (36)
}) 18... a4 19. Ba2 b4 $5 20. g4 $8 {The first player is already in serious
trouble and has to fight against the mighty Bf5.} (20. Kd1 b3 21. Bb1 Ra5 22.
Re1 bxc2+ 23. Bxc2 Rxd5 24. Rxd5 Bxc2+ 25. Kd2 Qb7 $19) (20. axb4 $2 a3 $1 $19)
20... b3 $6 {A pity for Jakovenko, that he did not find the peace of mind to
play the quiet retreat.} (20... Bd7 $1 21. axb4 a3 22. Qe3 (22. Qd4 axb2+ 23.
Kxb2 Qb7 24. Bb3 Qa6 25. c3 Qa3+ 26. Kc2 Rab8 $19) 22... axb2+ 23. Kxb2 Qb7 24.
c3 Qa6 25. Kb1 Qb5 (25... Bb5 26. Rc1 Bc4 27. Bxc4 Rxc4 28. Rb2 $11) 26. Bb3
Ra3 27. Kb2 Qa6 $15) 21. Bxb3 Bxg4 (21... axb3 22. gxf5 bxc2 23. fxg6 hxg6 24.
Rxc2 Qb7 25. Qd4 Qb3 $15) 22. fxg4 (22. Bxa4 Rxa4 23. fxg4 Rxg4 24. Re1 $11)
22... axb3 23. c3 {Black has lost all of his promising initiative, the
position is only equal.} Ra4 (23... Qd7 24. Rf1 Rf8 25. Rd4 Ra5 $11) 24. Rf1 f6
(24... Rxg4 $2 25. Qxf7+ Kh8 26. Re2 $18) 25. Qe3 Qd7 26. h3 Rf8 $6 {How to
play such an unsual position with only major pieces on the board? Black is
conserned about White's potential to open up the kingside with a pawn advance.}
(26... Rc7 27. Rd4 Rxd4 28. Qxd4 Qb5 $11) 27. Re2 Ra7 28. Rf4 Rb7 (28... Rb8
29. h4 Rb5 30. c4 Rb8 31. h5 g5 32. Re4 $14) 29. Re4 Rf7 30. Re6 $6 (30. Rd4
Qc8 31. Rf2 $14) 30... Qb5 $1 {The worst is over and Black should be able to
keep the balance.} 31. Qd4 f5 32. Kd2 (32. gxf5 Rxf5 33. a4 (33. Rxe7 Rxe7 34.
Rxe7 Qf1+ 35. Qd1 Qxh3 $15) 33... Qa6 34. Re1 $11) 32... Rc7 33. a4 Qa5 34. Ke1
Qa6 35. gxf5 Rxf5 {Jakovenko can hope for sufficient counterplay along the
open f-file.} 36. R6e4 (36. Rxe7 $4 Rxe7 37. Rxe7 Qf1+ 38. Kd2 Rf2+ $19) 36...
Qb7 37. Qb4 (37. c4 Qb4+ 38. Qc3 Qxc3+ 39. bxc3 Rf8 $15) 37... Qa7 38. R2e3 (
38. Qxb3 Rb7 39. Rb4 Rxb4 40. cxb4 (40. Qxb4 $2 Qg1+ 41. Kd2 Rxd5+ $19) 40...
Qd4 $11) 38... Kf7 $6 {[%mdl 256] Th defender is losing part of the control in
the position and his chances are slowly getting worse.} (38... Rb7 $1 39. Qd4
Qxd4 40. Rxd4 Ra7 $11) 39. Qxb3 Rb7 40. Qa2 Qa6 41. c4 $1 (41. a5 e6 $1 42.
dxe6+ (42. Rxe6 Qf1+ 43. Kd2 Rxb2+ 44. Qxb2 Rxd5+ $19) 42... Ke7 43. Re2 Rxa5
44. Qc4 Qxc4 45. Rxc4 Re5 $11) 41... Qa5+ 42. Ke2 Qa6 43. Kd1 {Naiditsch would
love to get his vulnerable king into real safety. Since this is just a pipe
dream he is doing his best to find the best square for it.} (43. b3 Rxd5 $11)
43... Rf1+ $2 (43... Rf2 44. Re2 Qb6 45. Kc2 $14) 44. Kc2 Rh1 (44... Ra7 45.
Qa3 Rf2+ 46. Kc3 $16) 45. a5 Rh2+ 46. Re2 (46. Kc1 Rhxb2 47. Qxb2 Rxb2 48. Kxb2
Qxa5 49. Rxe7+ $11) 46... Rxh3 47. b4 $2 {The celebrated Nimzowitsch maxim:
The threat is stronger than its execution is still very valid. White could
have reaped the fruits of his careful play with the queen move to the corner
preparing the advance of the b-pawn.} (47. Qa1 $1 Rh5 (47... Rhb3 48. Rxe7+
Rxe7 49. Rxe7+ Kxe7 50. Kxb3 $18) 48. b4 Rc7 49. Kb3 Qc8 50. b5 $18) 47... Rxb4
48. Rxe7+ Kg8 (48... Kf8 49. Re8+) 49. Rc7 {White must have agonized when
calculating the long tempting line with attack against the black king - it
simply doesn't seem to win.} (49. Re8+ Kg7 (49... Kf7 50. R2e7+ Kf6 51. Qa1+
Kg5 52. Qc1+ (52. Qg1+ Kh6 53. Qc1+ g5 54. Re6+ Kh5 55. Qd1+ g4 56. Re5+ dxe5
57. Rxe5+ Kh4) 52... Kg4 53. Qg1+ Rg3 54. Re4+ $18) 50. Qa1+ Kh6 51. Qc1+ g5
52. R2e6+ Kh5 53. Qd1+ g4 54. Re5+ dxe5 55. Rxe5+ Kh4 56. Qe1+ Rg3 57. Qxb4
Qg6+ 58. Kc1 Qd3 $11) 49... Kf8 (49... Qa8 50. Qa1 Qf8 51. Rg7+ $1 $18) 50. Rc6
$2 (50. Kc1 Rh1+ 51. Kd2 Rbb1 52. Qa4 Qa8 $11) 50... Qa8 $2 {The comedy of
mutual serious errors hasp prepared the stage for realization of White's older
idea.} (50... Qb7 51. Rf2+ (51. Qa1 Rxc4+ 52. Rxc4 Qb3+ 53. Kd2 Qd3+ 54. Kc1
Qxc4+ $19) (51. a6 Qf7 $17) 51... Kg8 52. a6 Qe7 $17) 51. Qa1 $1 Kg8 52. Qf6 {
Definitely not a mistake as it wins convincingly, but a pity not to have found
a perfect win with the sacrifice of the rook on g7.} (52. Rc7 $1 Qf8 53. Rg7+
$1 Qxg7 54. Re8+ Kf7 (54... Qf8 55. Rxf8+ Kxf8 56. Qf6+ Kg8 57. Qe6+ Kg7 58.
Qxh3 $18) 55. Re7+ Kxe7 56. Qxg7+ Kd8 57. Qf6+ Kc7 58. Qe7+ Kc8 59. Qe6+ $18)
52... Rbb3 53. Re7 $2 {Sometimes we all slip one step from destiny, Naiditsch
should have taken the pawn on d6.} (53. Rxd6 $1 Rhc3+ 54. Kd2 Rd3+ 55. Kc1
Rdc3+ 56. Rc2 $18) 53... Rbc3+ 54. Qxc3 Rxc3+ 55. Kxc3 Qxa5+ 56. Kb3 Qd8 57.
Rb7 (57. Rec7 Qf6 58. Rd7 Qf8 59. Rcxd6 Qf1 60. Rc7 Qb1+ 61. Ka4 $16) 57... Qf8
58. Rcc7 g5 59. c5 $1 {White is doing his best to win for the umpteenth time
in this game, his rooks along the 7th rank are a terrible force.} g4 (59...
dxc5 60. d6 Qf3+ 61. Ka4 Qd1+ 62. Kb5 Qd3+ 63. Kb6 Qxd6+ 64. Ka7 Qf8 65. Rb8
$18) 60. cxd6 Qf3+ 61. Kb4 $2 {We are happy to be human and as a consequence
to err as people, but sometimes it is just very painful. The computer sees
very quickly, that White could still have won with a perfect dance by his king.
} (61. Kb2 $1 Qf2+ 62. Ka3 Qf3+ 63. Rb3 Qf8 64. Ka2 Qa8+ 65. Kb2 Qd8 66. Rbc3
Qxd6 67. Rc8+ Kf7 68. R3c7+ Kf6 69. Rc6 $18) 61... Qe4+ 62. Kc5 Qc2+ 63. Kb6
Qb3+ 64. Ka7 Qa3+ 65. Kb8 Qxd6 {Black has achieved the near impossible feat
and drawn the game that was nearly resignable at some moments.} 66. Ka8 Qa3+
67. Kb8 Qd6 68. Ka8 Qa3+ 69. Ra7 Qf8+ 70. Kb7 (70. Kb7 Qb4+ $11) 1/2-1/2